LEADER 01269nam a2200301 a 4500 001 000000145054 003 CaOOAMICUS 005 20150720094547.0 008 150720s1971 fr u000 u fre r 040 $aPUL$bita 245 00$aExégèse et herméneutique /$cRoland Barthes ... [et al.]. 260 $aParis :$bÉditions du Seuil,$c1971. 300 $a361 p. ;$c21 cm 490 1 $aParole de Dieu 500 $aInclude indici. 504 $aBibliografia in nota. 630 04$aBiblia$xEsegesi.$0(OLS)http://pul/subject/21260 630 04$aBiblia$xErmeneutica.$0(OLS)http://pul/subject/20819 700 1 $aBarthes, Roland,$d1915-1980.$0(OLS)http://pul/name/30718 830 0$aParole de Dieu.$0(OLS)http://pul/title/15496 850 $aPUL 852 $aPUL$W1$xDP1 Fondo S. Lanza$y121$m3 K 92$j167601$qFondi$B168175$CPULBib$Z2$F168175 $HLan2374 $82 852 $aPUL$W1$xDP1 Fondo Bordoni$y120$m3 D 14$j166248$b2a copia$qFondi$B173172$CPULBib$Z2$F173172 $HBor293 $81 941 1 $a1 961 $aNota ms. di possesso: Sergio Lanza 996 $6245$aExégèse et herméneutique$9(OLS)http://pul/title/183458 996 $6260$aParis :$bÉditions du Seuil$9(OLS)http://pul/publisher/54032 LEADER 01244nam a2200313 u 4500 001 000000127467 003 CaOOAMICUS 005 20120203103525.0 008 120203s2011 it u000 u ita r 020 $a978-88-7229-512-0 040 $aPUL$bita 082 04$a241 245 03$aLa colpa umana dinanzi al mistero della croce /$cFernando Taccone (ed.) 260 $aRoma :$bOCD,$c©2011. 300 $a236 p. ;$c24 cm 490 1 $aAppunti di teologia ;$v20 504 $aBibliografia in nota. 650 4$aColpa (teologia).$0(OLS)http://pul/subject/38451 650 4$aPeccato.$0(OLS)http://pul/subject/5639 700 1 $aTaccone, Fernando,$cC.P.,$d1940-2024.$0(OLS)http://pul/name/73596 830 0$aAppunti di teologia ;$v20.$0(OLS)http://pul/title/103509 850 $aPUL 852 $aPUL$W1$xDP2 Religione 3$y114$m241 TACFE 1$j147484$qDDC 21$B146115$CPULBib$Z2$F146115 $H119046 $82 941 1 $a9 996 $6020$a978-88-7229-512-0$9(OLS)http://pul/number/148811 996 $6082$a241$9(OLS)http://pul/classification/246 996 $6245$aLa colpa umana dinanzi al mistero della croce$9(OLS)http://pul/title/161057 996 $6260$aRoma :$bOCD$9(OLS)http://pul/publisher/75548